000 02183nam0a2200385 4500
001 RU\NLR\BIBL_A\012486300
005 20210513112426.0
010 _a978-5-907280-40-3
_9300
021 _aRU
_bКН-П-20-073306
_9КН-П-20-5512
035 _a(NLR Aleph) 012486300
035 _a(RuMoRGB)010486632
090 _a12158081
_c12158081
100 _a20210326d2020 k y0rusy50 ca
101 0 _arus
102 _aRU
105 _a |||z|||100zy
181 0 _ai3
_baxxe
182 0 _an
200 1 _aМолодой исследователь: от идеи к проекту
_eматериалы IV студенческой научно-практической конференции
_fМинистерство науки и высшего образования Российской Федерации, ФГБОУ ВО "Марийский государственный университет"
_gотв. ред.: Д.А. Михеева
203 _aТекст
_bвизуальный
_cнепосредственный
210 _aЙошкар-Ола
_cФГБОУ ВО "Марийский государственный университет"
_d2020
215 _a566, [2] с.
_cил., табл.
_d29
320 _aБиблиогр. в конце ст.
601 0 2 _aМарийский государственный университет
_cЙошкар-Ола, город
_jСборники
_xНаучные конференции студентов
_92383149
_3RU\NLR\AUTH\661421717
686 1 _aЯ431(2Р-6М)31
702 1 _aМихеева
_bД. А.
_4340
711 1 2 _a"Молодой исследователь: от идеи к проекту", студенческая научно-практическая конференция
_d4
_eЙошкар-Ола
_f2020
_9743812
_3RU\NLR\AUTH\880539981
712 0 2 _4475
_aМарийский государственный университет
_cЙошкар-Ола
_9298486
_3RU\NLR\AUTH\8812796
942 _cBOOK
980 _aNBR
980 _aNB